| 000 | 00000nas 2200000za 4500 |
| 001 | 9.856045 |
| 003 | CaOODSP |
| 005 | 20221107155440 |
| 007 | cr ||||||||||| |
| 008 | 180501c20189999quc x m o f0 b0eng|d |
| 040 | |aCaOODSP|beng |
| 043 | |an-cn--- |
| 086 | 1 |aTU3-12E-PDF |
| 130 | 0 |aMarine transportation safety investigation report. |
| 245 | 10|aMarine transportation safety investigation report |h[electronic resource]. |
| 260 | |aGatineau, QC : |bTransportation Safety Board of Canada, |c2018- |
| 310 | |aIrregular |
| 500 | |aIssued also in French under title: Rapport d'enquête sur la sécurité du transport maritime. |
| 692 | 07|2gccst|aMarine accidents |
| 692 | 07|2gccst|aMarine safety |
| 692 | 07|2gccst|aInvestigations |
| 710 | 2 |aTransportation Safety Board of Canada. |
| 775 | 08|tRapport d'enquête sur la sécurité du transport maritime |w(CaOODSP)9.856046 |
| 780 | 00|tMarine investigation report |w(CaOODSP)9.504867 |